000 00545nam a22001577a 4500
999 _c1821
_d1821
008 200205b ||||| |||| 00| 0 eng d
082 0 0 _a620.00222
_bB5755
100 _91437
_aBhatt, N. D.
245 1 0 _aProblems & solutions in elementary engineering drawing (Plane and solid geometry) (In first-angle projection method) /
_cby N.D. Bhatt, N. D. and V.M. Panchal
250 _a40th ed.
260 _aGujrat:
_bCharotar Media Pvt. Ltd.,
_c1999.
300 _a472 p.
650 0 _aMechanical Drawing
700 _92370
_aPanchal, V. M.
942 _cBK